Introduction to Orthodontics / (Record no. 33938)

MARC details
000 -LEADER
fixed length control field 00596nam a22002057a 4500
005 - DATE AND TIME OF LATEST TRANSACTION
control field 20241202135738.0
008 - FIXED-LENGTH DATA ELEMENTS--GENERAL INFORMATION
fixed length control field 231017b |||||||| |||| 00| 0 eng d
020 ## - INTERNATIONAL STANDARD BOOK NUMBER
ISBN 9780192539588
082 ## - DEWEY DECIMAL CLASSIFICATION NUMBER
Classification number 617.643
Item number LIT-I
100 ## - MAIN ENTRY--AUTHOR
Author Name Littlewood, Simon. J
-- Mitchell, Laura
245 ## - TITLE STATEMENT
Title Introduction to Orthodontics /
Statement of responsibility, etc. Simon Little. J , Laura Mitchell .
250 ## - EDITION STATEMENT
Edition statement 5th ed.
260 ## - PUBLICATION, DISTRIBUTION, ETC.
Place of Publication UK :
Name of publisher, distributor, etc. Oxford ;
Date of publication, distribution, etc. 2019 .
300 ## - PHYSICAL DESCRIPTION
Pages 355 p. :
500 ## - GENERAL NOTE
General note Index Given .
650 ## - SUBJECT ADDED ENTRY--TOPICAL TERM
Subject / Department Dentistry / Medical
700 ## - ADDED ENTRY--PERSONAL NAME
Personal name Simon J. Littlewood
700 ## - ADDED ENTRY--PERSONAL NAME
Personal name Laura Mitchell
300 ## - PHYSICAL DESCRIPTION
-- ill ;
-- 27.5 cm .
952 ## - LOCATION AND ITEM INFORMATION (KOHA)
-- 0
-- 0
952 ## - LOCATION AND ITEM INFORMATION (KOHA)
-- 0
-- 0
952 ## - LOCATION AND ITEM INFORMATION (KOHA)
-- 0
-- 0
952 ## - LOCATION AND ITEM INFORMATION (KOHA)
-- 0
-- 0
952 ## - LOCATION AND ITEM INFORMATION (KOHA)
-- 0
-- 0
952 ## - LOCATION AND ITEM INFORMATION (KOHA)
-- 0
-- 0
Holdings
Lost status Damaged status Collection code Permanent Location Current Location Shelving Location Date acquired Full Call Number Accession No./Barcode Date last seen Copy number item type Koha item type
    Medical Superior Information Resource Center (SIRC) Superior University- Central Library Superior Information Resource Center (SIRC) Superior University- Central Library Dentistry 10/17/2023 617.643 LIT-I 2019 20887 12/05/2023 1    
    Medical Superior Information Resource Center (SIRC) Superior University- Central Library Superior Information Resource Center (SIRC) Superior University- Central Library Dentistry 10/17/2023 617.643 LIT-I 2019 20888 03/07/2025 2 BOOK  
    Medical Superior Information Resource Center (SIRC) Superior University- Central Library Superior Information Resource Center (SIRC) Superior University- Central Library Dentistry 10/17/2023 617.643 LIT-I 2019 20889 10/07/2024 3 BOOK  
    Medical Superior Information Resource Center (SIRC) Superior University- Central Library Superior Information Resource Center (SIRC) Superior University- Central Library Dentistry 11/14/2024 617.643 LIT-I 2019 29761 11/14/2024 4 BOOK BOOK
    Medical Superior Information Resource Center (SIRC) Superior University- Central Library Superior Information Resource Center (SIRC) Superior University- Central Library Dentistry 11/14/2024 617.643 LIT-I 2019 29762 11/14/2024 5 BOOK BOOK
    Medical Superior Information Resource Center (SIRC) Superior University- Central Library Superior Information Resource Center (SIRC) Superior University- Central Library Dentistry 12/02/2024 617.643 LIT-I 2019 29789 12/02/2024 6 BOOK BOOK

Powered by Koha